Environmental engineering : Water supply sanitary engineering and pollution

Appropriate for undergraduate engineering and science courses in Environmental Engineering. Balanced coverage of all the major categories of environmental pollution, with coverage of current topics such as climate change and ozone depletion, risk assessment, indoor air quality, source-reduction and...

Descripció completa

Guardat en:
Dades bibliogràfiques
Autor principal: Kamala, A .
Format: Llibre
Idioma:Undetermined
Publicat: New Delhi Tata McGraw-Hill 1988
Matèries:
Etiquetes: Afegir etiqueta
Sense etiquetes, Sigues el primer a etiquetar aquest registre!
Thư viện lưu trữ: Trung tâm Học liệu Trường Đại học Cần Thơ
LEADER 00912nam a2200205Ia 4500
001 CTU_141597
008 210402s9999 xx 000 0 und d
082 |a 628 
082 |b K15 
100 |a Kamala, A . 
245 0 |a Environmental engineering : 
245 0 |b Water supply sanitary engineering and pollution 
245 2 |c A Kamala, D. L. Kanth Rao 
260 |a New Delhi 
260 |b Tata McGraw-Hill 
260 |c 1988 
520 |a Appropriate for undergraduate engineering and science courses in Environmental Engineering. Balanced coverage of all the major categories of environmental pollution, with coverage of current topics such as climate change and ozone depletion, risk assessment, indoor air quality, source-reduction and recycling, and groundwater contamination 
650 |a Environmental engineering 
904 |i Bạch Trúc 
980 |a Trung tâm Học liệu Trường Đại học Cần Thơ